| 000 | 00754nam a22002177a 4500 | ||
|---|---|---|---|
| 999 |
_c21183 _d21183 |
||
| 003 | AR-CdUCM | ||
| 008 | 190305b ||||| |||| 00| 0 spa d | ||
| 040 |
_aMUNICIPALIDAD PROVINCIAL DEL CUSCO _cBIBLIOTECA MUNICIPAL DEL CUSCO |
||
| 082 |
_a869.24 / L23 _bL23 |
||
| 100 |
_aLatorre Llanos, José Antonio _944267 |
||
| 245 |
_aLas flechas de Cupido / _cJosé Antonio Latorre |
||
| 260 |
_aCusco : _bCreartec, _c2017. |
||
| 300 |
_a112 páginas ; _c16 cm. |
||
| 505 | _aContenido: Eco y Narciso -- Tisbe y Piramo -- Eurídice y Orfeo -- Psique y Cupido. | ||
| 650 |
_aLiteratura juvenil _91580 |
||
| 650 |
_aLiteratos cusqueños _944145 |
||
| 650 |
_aLiteratura cusqueña _944268 |
||
| 650 |
_aSiglo XXI _944269 |
||
| 942 |
_2ddc _cLIBROS |
||
| 945 | _aRoel | ||